| 000 | 01171nam2a22002411 4500 | ||
|---|---|---|---|
| 001 | rc\4456144 | ||
| 005 | 20250612090559.0 | ||
| 035 | _a(NLR Aleph) 008589908 | ||
| 090 |
_a8637579 _c8637579 |
||
| 100 | _a20130416d19631999|||y0rusy50 ca | ||
| 101 | 0 | _arus | |
| 102 | _aRU | ||
| 105 | _aab z ||||| | ||
| 200 | 0 | _aТ. 1 | |
| 210 |
_aМосква _cВоениздат _d1963- |
||
| 215 |
_a528 с., 4 л. карт. _cил., карт. |
||
| 320 | _aБиблиогр.: с. 715-718 | ||
| 461 | 0 |
_1001rc\4456143 _12001#$aИстория военного искусства$fПод общ. ред. [и с предисл.] д-ра воен. наук проф. гл. маршала бронетанковых войск П.А. Ротмистрова. Т. 1-2$vТ. 1 _98637574 _cМосква _d1963- _fПод общ. ред. [и с предисл.] д-ра воен. наук проф. гл. маршала бронетанковых войск П.А. Ротмистрова. Т. 1-2 _nВоениздат _p2 т. _tИстория военного искусства _vТ. 1 |
|
| 801 | 0 |
_aRU _bNLR _gpsbo |
|
| 801 | 1 |
_aRU _bELAR _2rusmarc |
|
| 852 |
_aNLR _j63-5/4814 |
||
| 942 | _cBOOK | ||
| 980 | _aNB | ||